| 000 | 00664nam a2200193 i 4500 | ||
|---|---|---|---|
| 001 | 34355 | ||
| 003 | ES-MaACL | ||
| 005 | 20230906154923.0 | ||
| 007 | t| | ||
| 008 | 030204s1973 sp ||||1| spa d | ||
| 100 | 1 |
_aBlaser, Werner. _929406 |
|
| 245 | 1 | 0 |
_aMies van der Rohe / _cWerner Blaser ; [traducción, Nuria Nussbaum ; traducción portuguesa, Sergio Pereira da Cunha García]. |
| 260 |
_aBarcelona : _bGustavo Gili, _c[1973] |
||
| 300 |
_a204 p. : _b60 lám. ; _c20 cm. |
||
| 600 | 0 | 4 |
_aMies van der Rohe, Ludwig. _980975 |
| 700 | 1 |
_aNussbaum, Nuria. _986247 |
|
| 700 | 1 |
_aPereira da Cunha García, Sergio. _990480 |
|
| 852 |
_aES-MaACL _jC-54352 _bR.87267 |
||
| 999 |
_c34355 _d34355 |
||